[Event "Bronshoj Lang Weekend 2014"]
[Site "Bronshoj"]
[Date "2014.02.08"]
[Round "2"]
[White "Marthedal, Anton Mehmet Yildiz"]
[Black "Pedersen, Bo V"]
[Result "1-0"]
[WhiteElo "1738"]
[BlackElo "1312"]
[PlyCount "73"]
[EventDate "2014.??.??"]
[EventType "swiss"]
[EventRounds "7"]
[EventCountry "DEN"]


1. d4 Nf6 2. Nf3 g6 3. Bf4 Bg7 4. e3 O-O 5. Be2 d6 6. h3 c5 7. c3 cxd4 8. exd4
b6 9. O-O Nbd7 10. Re1 Bb7 11. Nbd2 a6 12. a4 a5 13. Nc4 Ba6 14. Na3 Bxe2 15.
Rxe2 Re8 16. Qb3 h6 17. Rae1 Nf8 18. d5 N6d7 19. Bxd6 Nc5 20. Bxc5 bxc5 21. Nb5
Qd7 22. Nd2 Bf6 23. Ne4 Rac8 24. Nbd6 c4 25. Nxe8 cxb3 26. N8xf6+ exf6 27.
Nxf6+ Kg7 28. Nxd7 Nxd7 29. Re7 Nc5 30. Ra7 Nxa4 31. d6 Rd8 32. d7 Nc5 33. Rd1
Kf6 34. Rxa5 Nxd7 35. Rad5 Ke6 36. c4 Ke7 37. c5 1-0

[Event "Bronshoj Lang Weekend 2014"]
[Site "Bronshoj"]
[Date "2014.02.08"]
[Round "2"]
[White "Jensen, Jonbert"]
[Black "Kyrkjebo, Marte Bakken"]
[Result "0-1"]
[WhiteElo "1400"]
[BlackElo "1719"]
[PlyCount "50"]
[EventDate "2014.??.??"]
[EventType "swiss"]
[EventRounds "7"]
[EventCountry "DEN"]


1. e4 e5 2. Nf3 Nc6 3. Bc4 Bc5 4. O-O Nf6 5. d3 d6 6. h3 Be6 7. Nbd2 h6 8. c3
a6 9. b4 Ba7 10. Qb3 Qd7 11. Bb2 O-O 12. Rad1 b5 13. Bxe6 fxe6 14. d4 exd4 15.
Nxd4 Nxd4 16. cxd4 Kh8 17. Qd3 Nh5 18. Nf3 Nf4 19. Qd2 Nxh3+ 20. Kh2 Nf4 21. g3
Ng6 22. Nh4 Nxh4 23. gxh4 Qe7 24. Rh1 Qxh4+ 25. Kg2 Qxe4+ 0-1

[Event "Bronshoj Lang Weekend 2014"]
[Site "Bronshoj"]
[Date "2014.02.08"]
[Round "2"]
[White "Christophersen, David"]
[Black "Jorgensen, Orla Eilegaard"]
[Result "1-0"]
[WhiteElo "1694"]
[BlackElo "1449"]
[PlyCount "99"]
[EventDate "2014.??.??"]
[EventType "swiss"]
[EventRounds "7"]
[EventCountry "DEN"]


1. d4 d5 2. c4 c6 3. Nc3 Nf6 4. Bf4 dxc4 5. e4 e6 6. Bxc4 Bb4 7. Qd3 Nbd7 8.
Rd1 b5 9. Bb3 a6 10. Nge2 Bb7 11. O-O Nh5 12. Bg3 Nxg3 13. fxg3 O-O 14. Bc2 g6
15. a3 Be7 16. b4 Bg5 17. e5 f5 18. exf6 Nxf6 19. Nf4 Bxf4 20. Rxf4 Qe7 21. Re1
Nd5 22. Rfe4 Rf6 23. Re5 Rd8 24. g4 Bc8 25. g3 Nxc3 26. Qxc3 Qd6 27. R1e4 Rdf8
28. Re2 Rf3 29. R5e3 Rf1+ 30. Kg2 c5 31. bxc5 Bb7+ 32. Be4 Bxe4+ 33. Rxe4 Qc6
34. Qb3 R1f2+ 35. Kh3 Rxe2 36. Rxe2 Re8 37. Re5 Kg7 38. Qe3 Kf7 39. g5 Qd7 40.
Qf4+ Kg8 41. Qe4 Kf7 42. Kg2 Kg7 43. h4 Qf7 44. Qe2 Rf8 45. Rxe6 Kg8 46. d5 Qd7
47. Rd6 Qc7 48. Qe6+ Rf7 49. c6 Kg7 50. Rd7 1-0

[Event "Bronshoj Lang Weekend 2014"]
[Site "Bronshoj"]
[Date "2014.02.08"]
[Round "2"]
[White "Kuehn, Morten"]
[Black "Krull, Carl"]
[Result "1-0"]
[WhiteElo "1803"]
[BlackElo "1660"]
[PlyCount "75"]
[EventDate "2014.??.??"]
[EventType "swiss"]
[EventRounds "7"]
[EventCountry "DEN"]


1. e4 e5 2. f4 exf4 3. Nf3 Be7 4. Bc4 Bh4+ 5. Kf1 d6 6. d4 Be6 7. d5 Bg4 8.
Bxf4 Qf6 9. Bc1 Nd7 10. Nbd2 Bg5 11. h3 Bxd2 12. Bxd2 Bxf3 13. gxf3 Qxb2 14.
Rb1 Qd4 15. Be2 b6 16. Rg1 Ngf6 17. Qe1 Kf8 18. Bc3 Qe3 19. Rb3 Qf4 20. Qg3
Qc1+ 21. Kf2 Qxc2 22. Qxg7+ Ke7 23. Bxf6+ Nxf6 24. e5 Qc5+ 25. Re3 Nxd5 26.
exd6+ Kxd6 27. Qh6+ f6 28. Rd1 Kc6 29. Rc1 Qxc1 30. Re6+ Kd7 31. Qxc1 Kxe6 32.
Qc6+ Ke5 33. f4+ Nxf4 34. Qxc7+ Kf5 35. Qd7+ Ke5 36. Bg4 Ng6 37. Ke3 Rad8 38.
Qe6# 1-0

[Event "Bronshoj Lang Weekend 2014"]
[Site "Bronshoj"]
[Date "2014.02.08"]
[Round "2"]
[White "Jensen, Simon Stibolt"]
[Black "Moller, Arne Vagn"]
[Result "0-1"]
[WhiteElo "1552"]
[BlackElo "1783"]
[PlyCount "92"]
[EventDate "2014.??.??"]
[EventType "swiss"]
[EventRounds "7"]
[EventCountry "DEN"]


1. e4 c5 2. Nf3 d6 3. Bb5+ Bd7 4. Bxd7+ Qxd7 5. O-O Nc6 6. d4 cxd4 7. Nxd4 g6
8. c3 Bg7 9. Be3 Nf6 10. f3 O-O 11. Nd2 a6 12. Nc4 Qc7 13. Nxc6 bxc6 14. Qd2
Rab8 15. Rad1 Rfd8 16. a4 c5 17. a5 Nd7 18. Bg5 Re8 19. Bxe7 Rxe7 20. Qxd6 Qxd6
21. Rxd6 Ne5 22. Nb6 Bh6 23. Rfd1 Kg7 24. Kf2 c4 25. Kf1 Rc7 26. Na4 Nd3 27.
Rxa6 Nxb2 28. Rb1 Rcb7 29. Nc5 Rb5 30. Nd7 R8b7 31. Nb6 Bd2 32. Nd5 Na4 33.
Rxb5 Rxb5 34. Ra8 Nxc3 35. Nc7 Rb1+ 36. Kf2 Nd1+ 37. Ke2 c3 38. Ne8+ Kf8 39.
Rc8 Ke7 40. a6 Ra1 41. Rc7+ Kxe8 42. a7 Be3 43. Rc8+ Kd7 44. a8=Q Rxa8 45. Rxa8
c2 46. Ra1 c1=Q 0-1

[Event "Bronshoj Lang Weekend 2014"]
[Site "Bronshoj"]
[Date "2014.02.08"]
[Round "2"]
[White "Andreasen, Rene"]
[Black "Pedersen, Thorben Landstrom"]
[Result "1-0"]
[WhiteElo "1768"]
[BlackElo "1466"]
[PlyCount "73"]
[EventDate "2014.??.??"]
[EventType "swiss"]
[EventRounds "7"]
[EventCountry "DEN"]


1. d4 d5 2. Nf3 Nc6 3. e3 Nf6 4. c3 a6 5. Bd3 Bg4 6. Nbd2 e5 7. dxe5 Nxe5 8.
Be2 Nxf3+ 9. Bxf3 Bd7 10. O-O c6 11. e4 dxe4 12. Nxe4 Be7 13. Nd6+ Bxd6 14.
Qxd6 Be6 15. Qg3 O-O 16. Bh6 Ne8 17. Rfd1 Qf6 18. Bg5 Qg6 19. Be7 Qxg3 20. hxg3
Nf6 21. Bxf8 Kxf8 22. Rd2 Ke7 23. Bd1 Nd7 24. Bb3 Nc5 25. Bxe6 Nxe6 26. Rad1
Rd8 27. Rxd8 Nxd8 28. f3 Ne6 29. Kf2 g6 30. Ke3 h5 31. b4 c5 32. bxc5 Nxc5 33.
Kd4 b6 34. Rb1 Nd7 35. Kd5 f6 36. Re1+ Kd8 37. Kc6 1-0

[Event "Bronshoj Lang Weekend 2014"]
[Site "Bronshoj"]
[Date "2014.02.08"]
[Round "2"]
[White "Mouritsen, Jan"]
[Black "Kyrkjebo, Hanna Bakken"]
[Result "1/2-1/2"]
[WhiteElo "1824"]
[BlackElo "1672"]
[PlyCount "100"]
[EventDate "2014.??.??"]
[EventType "swiss"]
[EventRounds "7"]
[EventCountry "DEN"]


1. d4 d5 2. Nf3 Nf6 3. c4 c6 4. Nc3 a6 5. e3 b5 6. b3 Bg4 7. Be2 Nbd7 8. Bb2 e6
9. O-O Bd6 10. h3 Bh5 11. Ne5 Bxe2 12. Nxe2 Rc8 13. Qd3 O-O 14. cxd5 cxd5 15.
Rac1 Qb6 16. Rc2 Rc7 17. Rfc1 Rfc8 18. f4 Rxc2 19. Rxc2 Rxc2 20. Qxc2 Qc7 21.
Qxc7 Bxc7 22. Nc1 Nxe5 23. dxe5 Ne4 24. Nd3 Bb6 25. Bd4 Bxd4 26. exd4 Nc3 27.
Nc1 b4 28. Kf2 Kf8 29. Ke3 Ke7 30. Kd3 Kd7 31. a3 a5 32. a4 Ne4 33. Ne2 Ke7 34.
Ke3 g6 35. Nc1 Kd7 36. Nd3 Kc6 37. g4 h6 38. Nf2 Nc3 39. Kd3 Kd7 40. h4 Kc6 41.
h5 gxh5 42. gxh5 Na2 43. Ng4 Nc1+ 44. Kc2 Ne2 45. Nxh6 Nxf4 46. Nxf7 Nxh5 47.
Nd8+ Kd7 48. Nb7 Nf4 49. Nc5+ Ke7 50. Kd2 Ng2 1/2-1/2

[Event "Bronshoj Lang Weekend 2014"]
[Site "Bronshoj"]
[Date "2014.02.08"]
[Round "3"]
[White "Semcesen, Daniel"]
[Black "Nielsen, Michael(1983)"]
[Result "1-0"]
[WhiteElo "2492"]
[BlackElo "2148"]
[PlyCount "61"]
[EventDate "2014.??.??"]
[EventType "swiss"]
[EventRounds "7"]
[EventCountry "DEN"]


1. d4 e6 2. c4 d5 3. Nc3 f5 4. Nf3 Nf6 5. Bf4 c6 6. e3 Bd6 7. Bd3 O-O 8. Qc2
Ne4 9. O-O Bxf4 10. exf4 Nd7 11. Rfe1 Qe8 12. b4 Qh5 13. c5 Rf6 14. Be2 Rh6 15.
h3 Rg6 16. Nxe4 fxe4 17. Ne5 Qh4 18. Nxg6 hxg6 19. Qd2 Nf6 20. a4 Bd7 21. b5
Kf7 22. Ra3 Rh8 23. Rb1 Nh5 24. Bxh5 Rxh5 25. a5 cxb5 26. a6 bxa6 27. Rxa6 e5
28. dxe5 Bxh3 29. Qxd5+ Kf8 30. g3 Qg4 31. Rxa7 1-0

[Event "Bronshoj Lang Weekend 2014"]
[Site "Bronshoj"]
[Date "2014.02.08"]
[Round "3"]
[White "Bromann, Thorbjorn"]
[Black "Chernyak, Viktoria"]
[Result "1-0"]
[WhiteElo "2399"]
[BlackElo "2018"]
[PlyCount "37"]
[EventDate "2014.??.??"]
[EventType "swiss"]
[EventRounds "7"]
[EventCountry "DEN"]


1. d4 Nf6 2. Nc3 g6 3. e4 d6 4. f4 Bg7 5. Nf3 O-O 6. Be3 Nbd7 7. e5 Ne8 8. Qd2
c6 9. h4 Nb6 10. h5 Nd5 11. Nxd5 cxd5 12. hxg6 hxg6 13. Bd3 Bd7 14. g3 Nc7 15.
Qh2 Re8 16. Qh7+ Kf8 17. f5 Bb5 18. Bh6 e6 19. f6 1-0

[Event "Bronshoj Lang Weekend 2014"]
[Site "Bronshoj"]
[Date "2014.02.08"]
[Round "3"]
[White "Rydstrom, Tom"]
[Black "Smith, Axel"]
[Result "1/2-1/2"]
[WhiteElo "2163"]
[BlackElo "2489"]
[PlyCount "185"]
[EventDate "2014.??.??"]
[EventType "swiss"]
[EventRounds "7"]
[EventCountry "DEN"]


1. e4 c5 2. Nf3 e6 3. d4 cxd4 4. Nxd4 Nf6 5. Bd3 Nc6 6. Nb3 d5 7. exd5 Nxd5 8.
O-O Be7 9. Qe2 O-O 10. Bd2 Qc7 11. Nc3 Nf4 12. Bxf4 Qxf4 13. Qe4 Qxe4 14. Bxe4
Bd7 15. Rfd1 Rfd8 16. Nb5 f5 17. Bxc6 bxc6 18. Nd6 Bc8 19. Nc4 Rd5 20. Ne3
Rxd1+ 21. Rxd1 Bf6 22. c3 Rb8 23. Rd2 Kf8 24. Rd6 Bb7 25. Rxe6 Rd8 26. Nc5 Bc8
27. Rxc6 f4 28. Nf1 Re8 29. f3 Bf5 30. Kf2 Rb8 31. Nb3 Bd8 32. g4 Bb1 33. Ra6
Bb6+ 34. Kg2 Re8 35. h4 Re2+ 36. Kh3 Rf2 37. Nh2 Rxb2 38. Ra4 Bg1 39. Rxf4+ Kg8
40. Nf1 Rf2 41. Nfd2 Rh2+ 42. Kg3 Re2 43. Ra4 Bd3 44. f4 Be3 45. Nc4 Bg1 46.
Nc1 Bxc4 47. Rxc4 Rd2 48. a4 Bf2+ 49. Kf3 Bb6 50. Nb3 Rf2+ 51. Kg3 Rb2 52. Nd4
Kf7 53. f5 g6 54. Kf4 gxf5 55. Nxf5 Rf2+ 56. Ke4 Rd2 57. Nd4 Rh2 58. h5 Ra2 59.
Nb5 Kf6 60. Kd5 Ke7 61. Kc6 Bf2 62. Re4+ Kf6 63. Kb7 Rc2 64. Rc4 Rb2 65. Ka6
Kg5 66. Nxa7 Rb6+ 67. Ka5 Rf6 68. Nb5 Be3 69. Kb4 Bf4 70. Nd4 Bd6+ 71. Kb5 Kxg4
72. a5 Kxh5 73. a6 Rf8 74. a7 Ra8 75. Kb6 Bb8 76. axb8=B Rxb8+ 77. Kc7 Re8 78.
Kd7 Re4 79. Rc8 Kg4 80. Ne6 h5 81. c4 h4 82. c5 h3 83. Rg8+ Kh4 84. c6 h2 85.
Ng5 Rd4+ 86. Kc8 Kg3 87. Rh8 Rc4 88. Rh3+ Kg2 89. c7 h1=Q 90. Rxh1 Kxh1 91. Kd7
Rc1 92. c8=B Rxc8 93. Kxc8 1/2-1/2

[Event "Bronshoj Lang Weekend 2014"]
[Site "Bronshoj"]
[Date "2014.02.08"]
[Round "3"]
[White "Brzezinski, Adam"]
[Black "Stojanovski, Sandi"]
[Result "1-0"]
[WhiteElo "2142"]
[BlackElo "2252"]
[PlyCount "39"]
[EventDate "2014.??.??"]
[EventType "swiss"]
[EventRounds "7"]
[EventCountry "DEN"]


1. d4 Nf6 2. c4 e6 3. Nc3 Bb4 4. a3 Bxc3+ 5. bxc3 b6 6. Bg5 h6 7. Bh4 Bb7 8. f3
d6 9. e4 Nbd7 10. Bd3 Qe7 11. Ne2 g5 12. Bf2 Nh5 13. Be3 O-O-O 14. Qa4 Kb8 15.
c5 dxc5 16. O-O e5 17. Ba6 cxd4 18. Bxb7 dxe3 19. Bd5 Nf4 20. Nxf4 1-0

[Event "Bronshoj Lang Weekend 2014"]
[Site "Bronshoj"]
[Date "2014.02.08"]
[Round "3"]
[White "Moller, Arne Vagn"]
[Black "Jacobsen, Mikkel Manosri"]
[Result "0-1"]
[WhiteElo "1783"]
[BlackElo "2054"]
[PlyCount "74"]
[EventDate "2014.??.??"]
[EventType "swiss"]
[EventRounds "7"]
[EventCountry "DEN"]


1. e4 c6 2. d4 d5 3. Nc3 dxe4 4. Nxe4 Bf5 5. Ng3 Bg6 6. Nf3 Nd7 7. Bd3 Ngf6 8.
O-O e6 9. Re1 Be7 10. c4 Bxd3 11. Qxd3 O-O 12. Bd2 a6 13. Bc3 b5 14. b3 Bd6 15.
Rad1 Qc7 16. Ne5 Rad8 17. Qf3 c5 18. Nxd7 Nxd7 19. d5 e5 20. Nf5 g6 21. Qg4 Kh8
22. Nh6 f5 23. Qh3 Nf6 24. f4 exf4 25. Re6 Qg7 26. Rde1 f3 27. gxf3 Bf4 28. Qh4
g5 29. Qh3 g4 30. Nxg4 fxg4 31. fxg4 b4 32. Bb2 Rd6 33. Rxd6 Bxd6 34. Re6 Qg6
35. Re2 Kg8 36. g5 Ng4 37. Qxg4 Qb1+ 0-1

[Event "Bronshoj Lang Weekend 2014"]
[Site "Bronshoj"]
[Date "2014.02.08"]
[Round "3"]
[White "Pedersen, Jan Nordenbaek"]
[Black "Andreasen, Rene"]
[Result "1-0"]
[WhiteElo "2243"]
[BlackElo "1768"]
[PlyCount "55"]
[EventDate "2014.??.??"]
[EventType "swiss"]
[EventRounds "7"]
[EventCountry "DEN"]


1. e4 d6 2. d4 Nf6 3. Nc3 e5 4. Nf3 Nbd7 5. Bc4 Be7 6. O-O O-O 7. h3 h6 8. a4
a5 9. Ba2 c6 10. Be3 Qc7 11. Nh4 Kh7 12. Nf5 exd4 13. Qxd4 Ne5 14. Nxe7 Qxe7
15. Rad1 Rd8 16. f4 c5 17. Qd2 Nc6 18. Bc4 Kg8 19. Nd5 Nxd5 20. Bxd5 Be6 21. f5
Bxd5 22. exd5 Ne5 23. f6 Qe8 24. b3 g5 25. Rde1 Qd7 26. Bxg5 Kh7 27. Bxh6 Rg8
28. Bg7 1-0

[Event "Bronshoj Lang Weekend 2014"]
[Site "Bronshoj"]
[Date "2014.02.08"]
[Round "3"]
[White "Vovk, Oksana"]
[Black "Thuesen, Mogens Henrik"]
[Result "0-1"]
[WhiteElo "2083"]
[BlackElo "2209"]
[PlyCount "88"]
[EventDate "2014.??.??"]
[EventType "swiss"]
[EventRounds "7"]
[EventCountry "DEN"]


1. d4 Nf6 2. c4 c5 3. d5 e5 4. Nc3 d6 5. e4 Be7 6. g3 O-O 7. Bg2 Na6 8. Nge2
Nc7 9. O-O Rb8 10. a4 Na6 11. Nb5 Ra8 12. f4 Nd7 13. Bd2 Nb4 14. Bc3 a6 15. Na3
exf4 16. gxf4 Bf6 17. Qd2 Re8 18. Kh1 Qc7 19. Ng3 g6 20. e5 dxe5 21. Ne4 Bg7
22. d6 Qd8 23. Nxc5 Nxc5 24. Bxb4 Nb3 25. Qf2 Nxa1 26. Rxa1 e4 27. c5 Bd7 28.
Nc4 Qf6 29. Bc3 Qe6 30. Bxg7 Kxg7 31. Qd4+ f6 32. Nb6 Rad8 33. Nxd7 Rxd7 34.
Re1 Qg4 35. Qe3 f5 36. b4 Qh4 37. Bf1 Rc8 38. b5 Rxc5 39. Re2 Rd5 40. bxa6 bxa6
41. Rd2 R5xd6 42. Rxd6 Rxd6 43. Qc3+ Kh6 44. Qb4 Qf2 0-1

[Event "Bronshoj Lang Weekend 2014"]
[Site "Bronshoj"]
[Date "2014.02.08"]
[Round "3"]
[White "Christensen, Esben"]
[Black "Nohr, Finn"]
[Result "1/2-1/2"]
[WhiteElo "1976"]
[BlackElo "2076"]
[PlyCount "126"]
[EventDate "2014.??.??"]
[EventType "swiss"]
[EventRounds "7"]
[EventCountry "DEN"]


1. e4 e5 2. Nf3 Nc6 3. Bc4 Nf6 4. d3 Be7 5. O-O d6 6. a3 Bg4 7. h3 Be6 8. Nbd2
Qd7 9. Re1 h6 10. Bxe6 fxe6 11. Nf1 g5 12. N3h2 O-O-O 13. b4 Rdg8 14. b5 Nd8
15. c4 c5 16. bxc6 Nxc6 17. Qa4 b6 18. Rb1 Nd4 19. Qa6+ Qb7 20. Qa4 Nd7 21. Be3
Nc5 22. Qd1 h5 23. a4 Qc6 24. a5 bxa5 25. Bxd4 exd4 26. Rb5 Bd8 27. e5 a6 28.
Rb2 g4 29. hxg4 hxg4 30. Nxg4 Bc7 31. f3 Na4 32. Rf2 Nc3 33. Qd2 Qc5 34. Qf4
Rf8 35. Qg5 d5 36. Qg6 Qc6 37. Nd2 Rfg8 38. Qf7 Rf8 39. Qe7 Bd8 40. Qa7 Qb6 41.
Qxb6 Bxb6 42. Ra1 a4 43. cxd5 exd5 44. f4 Rxf4 45. Rxf4 Ne2+ 46. Kf1 Nxf4 47.
Rxa4 Rh1+ 48. Kf2 Nxd3+ 49. Ke2 Nc5 50. Rxd4 Ne6 51. Ra4 Kb7 52. Nf3 Rb1 53.
Ne3 Rb2+ 54. Nd2 Nc5 55. Rd4 Ne6 56. Rh4 Bxe3 57. Kxe3 d4+ 58. Kd3 Kc6 59. Nf3
Kd5 60. Nxd4 Rxg2 61. Nxe6 Rg3+ 62. Ke2 Kxe6 63. Rh6+ Kxe5 1/2-1/2

[Event "Bronshoj Lang Weekend 2014"]
[Site "Bronshoj"]
[Date "2014.02.08"]
[Round "3"]
[White "Luther, Lasse"]
[Black "Petersen, Peter Birk"]
[Result "1/2-1/2"]
[WhiteElo "2014"]
[BlackElo "2098"]
[PlyCount "37"]
[EventDate "2014.??.??"]
[EventType "swiss"]
[EventRounds "7"]
[EventCountry "DEN"]


1. Nf3 c5 2. e4 Nc6 3. d4 cxd4 4. Nxd4 g6 5. c4 Bg7 6. Nc2 Nf6 7. Nc3 O-O 8.
Be2 d6 9. Be3 Be6 10. O-O Nd7 11. Qd2 Nc5 12. f3 a5 13. b3 f5 14. exf5 Bxf5 15.
Nd4 Nxd4 16. Bxd4 Bxd4+ 17. Qxd4 e5 18. Qd2 Ne6 19. Nd5 1/2-1/2

[Event "Bronshoj Lang Weekend 2014"]
[Site "Bronshoj"]
[Date "2014.02.08"]
[Round "3"]
[White "Nielsen, Klaus"]
[Black "Kuehn, Morten"]
[Result "1-0"]
[WhiteElo "2056"]
[BlackElo "1803"]
[PlyCount "51"]
[EventDate "2014.??.??"]
[EventType "swiss"]
[EventRounds "7"]
[EventCountry "DEN"]


1. Nf3 c5 2. b3 Nc6 3. Bb2 Nf6 4. e3 e6 5. d4 cxd4 6. exd4 Be7 7. a3 O-O 8. Bd3
b6 9. O-O Bb7 10. Nbd2 Rc8 11. Qe2 Nd5 12. g3 Nc7 13. c4 d5 14. Rad1 Bf6 15.
Ne5 dxc4 16. Ndxc4 Ne7 17. Ne3 Ng6 18. h4 Bxh4 19. Bxg6 fxg6 20. gxh4 Qxh4 21.
f3 Qg5+ 22. Ng2 Nd5 23. Bc1 Rxc1 24. Rxc1 Nf4 25. Qc2 Rc8 26. Qxc8+ 1-0

[Event "Bronshoj Lang Weekend 2014"]
[Site "Bronshoj"]
[Date "2014.02.08"]
[Round "3"]
[White "Kyrkjebo, Marte Bakken"]
[Black "Karlsson, Ulf"]
[Result "0-1"]
[WhiteElo "1719"]
[BlackElo "1986"]
[PlyCount "84"]
[EventDate "2014.??.??"]
[EventType "swiss"]
[EventRounds "7"]
[EventCountry "DEN"]


1. e4 c5 2. Nc3 e6 3. g3 d5 4. d3 d4 5. Nce2 Nc6 6. Bg2 e5 7. f4 f6 8. Nf3 Be7
9. O-O Be6 10. c3 Nh6 11. f5 Bf7 12. h3 Qd7 13. cxd4 cxd4 14. Bd2 O-O-O 15. a3
Kb8 16. b4 Rc8 17. b5 Nd8 18. a4 b6 19. Qb1 Nb7 20. a5 Nc5 21. Nc1 Rc7 22. Be1
Rhc8 23. Qb2 Be8 24. Qa2 Bf7 25. Qb2 Nb7 26. axb6 axb6 27. Nb3 Rc2 28. Qb1 Qxb5
29. Nbd2 Rb2 30. Qd1 Rcc2 31. Qe2 Na5 32. Rd1 Nb3 33. Rf2 Nc1 34. Qf1 Nxd3 35.
Re2 Bc5 36. Kh1 Nc1 37. Rf2 d3 38. g4 Ne2 39. g5 Ng3+ 40. Kg1 fxg5 41. Bh1 Nxf1
42. Kxf1 Bxf2 0-1

[Event "Bronshoj Lang Weekend 2014"]
[Site "Bronshoj"]
[Date "2014.02.08"]
[Round "3"]
[White "Henriksen, Christian Steen"]
[Black "Kokholm, Daniel"]
[Result "0-1"]
[WhiteElo "1679"]
[BlackElo "1845"]
[PlyCount "68"]
[EventDate "2014.??.??"]
[EventType "swiss"]
[EventRounds "7"]
[EventCountry "DEN"]


1. d4 d6 2. e4 Nf6 3. Nc3 Nbd7 4. Bc4 e5 5. Nf3 Be7 6. O-O h6 7. h3 c6 8. Re1
g5 9. dxe5 dxe5 10. Nh2 Qc7 11. Be3 Nf8 12. Bf1 Ng6 13. g3 Be6 14. Qe2 Qc8 15.
g4 Nf4 16. Bxf4 gxf4 17. Rad1 Nh7 18. Nd5 Bf8 19. b4 f6 20. Nxf4 exf4 21. Rd4
Qc7 22. Red1 Be7 23. Nf3 Kf7 24. Nh4 Rad8 25. g5 Nf8 26. Qh5+ Kg8 27. gxh6 Rxd4
28. Rxd4 Rh7 29. Nf5 Bf7 30. Qg4+ Kh8 31. Bd3 Ne6 32. Bc4 Nxd4 33. Nxe7 Qxe7
34. Qc8+ Qe8 0-1

[Event "Bronshoj Lang Weekend 2014"]
[Site "Bronshoj"]
[Date "2014.02.08"]
[Round "3"]
[White "Marthedal, Anton Mehmet Yildiz"]
[Black "Ronsted, Torben"]
[Result "1/2-1/2"]
[WhiteElo "1738"]
[BlackElo "2011"]
[PlyCount "118"]
[EventDate "2014.??.??"]
[EventType "swiss"]
[EventRounds "7"]
[EventCountry "DEN"]


1. d4 d5 2. Nf3 Nf6 3. Bf4 c5 4. e3 Nc6 5. Nbd2 cxd4 6. exd4 Bg4 7. c3 e6 8.
Qa4 Nd7 9. Bd3 Be7 10. O-O-O a6 11. Rde1 b5 12. Qc2 Rc8 13. Bxh7 Nf6 14. Bd3
Nb4 15. Qb1 Qa5 16. Nb3 Nxd3+ 17. Qxd3 Qxa2 18. Kc2 Bf5 19. Qxf5 exf5 20. Ra1
Qxa1 21. Rxa1 Ne4 22. Be3 b4 23. Nc5 bxc3 24. bxc3 Nxc5 25. dxc5 Bxc5 26. Bxc5
Rxc5 27. Rxa6 O-O 28. Ne5 Re8 29. Nd3 Rc4 30. Rd6 Rec8 31. Rxd5 Rxc3+ 32. Kd2
g6 33. Rd7 Rc2+ 34. Ke3 Re8+ 35. Kf4 Rc4+ 36. Kg3 Kg7 37. h3 Rc3 38. Kf4 Re4+
39. Kf3 Re1 40. Kf4 Rd1 41. Ne5 Rxd7 42. Nxd7 f6 43. h4 Rc4+ 44. Kg3 Rc6 45.
Kf4 Kf7 46. h5 Ke7 47. hxg6 Kxd7 48. g7 Rc8 49. Kxf5 Ke7 50. Kg6 f5 51. g3 Rg8
52. f3 Rb8 53. g4 fxg4 54. fxg4 Ra8 55. g5 Rb8 56. Kh7 Kf7 57. g6+ Kf6 58. g8=Q
Rxg8 59. Kxg8 Kxg6 1/2-1/2

[Event "Bronshoj Lang Weekend 2014"]
[Site "Bronshoj"]
[Date "2014.02.08"]
[Round "3"]
[White "Kyrkjebo, Hanna Bakken"]
[Black "Ohayv, Nikolaj"]
[Result "1/2-1/2"]
[WhiteElo "1672"]
[BlackElo "1760"]
[PlyCount "74"]
[EventDate "2014.??.??"]
[EventType "swiss"]
[EventRounds "7"]
[EventCountry "DEN"]


1. e4 e5 2. Nf3 Nc6 3. Nc3 Bc5 4. Nxe5 Nxe5 5. d4 Bd6 6. dxe5 Bxe5 7. Bc4 d6 8.
O-O Nf6 9. h3 O-O 10. Re1 c6 11. a4 Re8 12. Bd3 Bd4 13. Ne2 Bb6 14. Ng3 h6 15.
Be3 Be6 16. Qf3 Bxe3 17. Rxe3 Nd7 18. Nf5 Ne5 19. Qg3 Bxf5 20. exf5 Qf6 21. c3
Rad8 22. Rae1 Kf8 23. Bc2 Nc4 24. Rxe8+ Rxe8 25. Rxe8+ Kxe8 26. b3 Nb6 27. Qe3+
Qe5 28. Qxe5+ dxe5 29. f3 Ke7 30. Kf2 Nd5 31. c4 Nc7 32. Ke3 Na6 33. Ke4 f6 34.
Ke3 Kd6 35. Kd2 Nc5 36. b4 Na6 37. Kc3 Nc7 1/2-1/2

[Event "Bronshoj Lang Weekend 2014"]
[Site "Bronshoj"]
[Date "2014.02.08"]
[Round "3"]
[White "Nielsen, Viktor Haarmark"]
[Black "Christophersen, David"]
[Result "1-0"]
[WhiteElo "2007"]
[BlackElo "1694"]
[PlyCount "23"]
[EventDate "2014.??.??"]
[EventType "swiss"]
[EventRounds "7"]
[EventCountry "DEN"]


1. e4 d6 2. d4 Nf6 3. Nc3 Nbd7 4. f4 e5 5. Nf3 Qe7 6. Bd3 exd4 7. Nxd4 Nc5 8.
O-O Nfxe4 9. Nxe4 Nxe4 10. Bxe4 c5 11. Nf3 Bg4 12. Re1 1-0

[Event "Bronshoj Lang Weekend 2014"]
[Site "Bronshoj"]
[Date "2014.02.08"]
[Round "3"]
[White "Jorgensen, Mikkel"]
[Black "Kristensen, Lars Ostergaard"]
[Result "1/2-1/2"]
[WhiteElo "1811"]
[BlackElo "1455"]
[PlyCount "72"]
[EventDate "2014.??.??"]
[EventType "swiss"]
[EventRounds "7"]
[EventCountry "DEN"]


1. e4 c6 2. Nf3 d5 3. Nc3 dxe4 4. Nxe4 Bf5 5. Ng3 Bg6 6. h4 h6 7. Ne5 Qd6 8.
Nxg6 Qxg6 9. d4 Qd6 10. c3 e6 11. Bd3 Nf6 12. Qf3 Nbd7 13. Bf4 Qd5 14. Qxd5
Nxd5 15. Bd2 Bd6 16. Ne2 N7f6 17. a3 c5 18. c4 Ne7 19. dxc5 Bxc5 20. b4 Rd8 21.
Nf4 Bd4 22. Rd1 e5 23. c5 exf4 24. Bb5+ Nc6 25. Bxf4 Bc3+ 26. Ke2 O-O 27. Bd6
Rfe8+ 28. Kf3 Nd4+ 29. Rxd4 Bxd4 30. Bxe8 Rxe8 31. b5 Nd7 32. c6 bxc6 33. bxc6
Ne5+ 34. Bxe5 Rxe5 35. c7 Rc5 36. Rd1 Rxc7 1/2-1/2

[Event "Bronshoj Lang Weekend 2014"]
[Site "Bronshoj"]
[Date "2014.02.08"]
[Round "3"]
[White "Jorgensen, Orla Eilegaard"]
[Black "Schmidt, Horst Hubert"]
[Result "0-1"]
[WhiteElo "1449"]
[BlackElo "1663"]
[PlyCount "50"]
[EventDate "2014.??.??"]
[EventType "swiss"]
[EventRounds "7"]
[EventCountry "DEN"]


1. e4 d6 2. d4 g6 3. Nf3 Bg7 4. Bc4 Nf6 5. c3 O-O 6. Nbd2 Nc6 7. O-O Bg4 8. Re1
e5 9. d5 Ne7 10. h3 Bd7 11. a4 Nh5 12. Nf1 f5 13. exf5 e4 14. Nd4 Bxd4 15. Qxd4
Nxf5 16. Qd2 Qh4 17. g4 e3 18. Nxe3 Nf4 19. gxf5 Nxh3+ 20. Kf1 Nf4 21. f3 Bxf5
22. Nxf5 Qh3+ 23. Kg1 Rxf5 24. Qh2 Rg5+ 25. Kh1 Qxf3+ 0-1

[Event "Bronshoj Lang Weekend 2014"]
[Site "Bronshoj"]
[Date "2014.02.08"]
[Round "3"]
[White "Ulrich, Thomas"]
[Black "Olsen, Michael Richard W"]
[Result "1-0"]
[WhiteElo "2026"]
[BlackElo "1933"]
[PlyCount "97"]
[EventDate "2014.??.??"]
[EventType "swiss"]
[EventRounds "7"]
[EventCountry "DEN"]


1. e4 d6 2. d4 Nd7 3. Nc3 c6 4. Nf3 Qc7 5. a4 g6 6. Be2 Bh6 7. Bxh6 Nxh6 8. Qd2
Ng8 9. a5 Nf8 10. h3 e6 11. e5 d5 12. Na4 Nd7 13. Nc5 Nxc5 14. dxc5 a6 15. O-O
Bd7 16. Rfe1 Kf8 17. Bd3 Kg7 18. Nh2 Rf8 19. Qf4 Qd8 20. Re3 Qe7 21. Qd4 f5 22.
exf6+ Qxf6 23. Re5 Qf4 24. Rxd5+ Qxd4 25. Rxd4 Rf7 26. Ng4 Nf6 27. Ne5 Re7 28.
Rd1 Bc8 29. g3 Rhe8 30. Kg2 Rf8 31. Be2 Rfe8 32. c4 Rf8 33. b4 Rc7 34. f4 Rh8
35. Bg4 Re8 36. Kf2 Rf8 37. Ke3 Re8 38. Rd6 Ree7 39. Bf3 Re8 40. Rc1 Kf8 41.
Be2 Ke7 42. Rcd1 Rg8 43. h4 Rf8 44. Bf3 Nd7 45. Nxd7 Bxd7 46. Bg4 h6 47. Ke4 h5
48. Bh3 Rf6 49. Ke5 1-0

[Event "Bronshoj Lang Weekend 2014"]
[Site "Bronshoj"]
[Date "2014.02.08"]
[Round "3"]
[White "Marshall, Michael"]
[Black "Mouritsen, Jan"]
[Result "1/2-1/2"]
[WhiteElo "1839"]
[BlackElo "1824"]
[PlyCount "39"]
[EventDate "2014.??.??"]
[EventType "swiss"]
[EventRounds "7"]
[EventCountry "DEN"]


1. d4 Nf6 2. Nf3 d5 3. e3 g6 4. c4 c6 5. Nc3 Bg7 6. Be2 O-O 7. O-O Bg4 8. cxd5
cxd5 9. Qb3 b6 10. h3 Bxf3 11. Bxf3 e6 12. Qa4 Qd7 13. Qxd7 Nbxd7 14. Bd2 Rfc8
15. Rac1 Bf8 16. e4 dxe4 17. Nxe4 Nd5 18. Nc3 N7f6 19. g4 Rab8 20. Nxd5 1/2-1/2